000 01206nam a2200265Ia 4500
999 _c37632
_d37632
001 3604
003 GE_BSU
005 20190624211633.0
008 181216s1984||||ge |||||||||||||| ||geo||
040 _cGE_BSU
041 _ageo
080 _a1(031) ჰ–38
100 _aჰეგელი, გეორგ ვილჰელმ ფრიდრიხ
_92873
245 _aფილოსოფიური მეცნიერებათა ენციკლოპედია :
_bგონის ფილოსოფია /
_cრედ. ნ. ჭავჭავაძე, თ. ბუაჩიძე, გ. ცინცაძე.
264 _aთბილისი :
_bმეცნიერება,
_c1984.
300 _a375 გვ.;
_b26 სმ.
653 _aგონის ფილოსოფია.
653 _aცნობიერება
653 _aყოფიერება
653 _a ლოგიკა
700 _aჭავჭავაძე, ნ.
_eრედაქტორი
_92874
700 _aბუაჩიძე, თ.
_eრედაქტორი
_91329
700 _aცინცაძე, გ.
_eრედაქტორი
_91759
942 _cBK
_2udc